Österreichische Nobelpreisträger - Statistiken

Allgemein
  • Dieses Quiz wurde 24 mal gespielt
  • Das Durchschnittsergebnis liegt bei 5 aus 21
Antwortstatistiken
Jahr Kategorie Namen % Korrekt
1933 Physik Erwin Schrödinger
94%
1905 Friedensnobelpreis Bertha von Suttner
67%
2004 Literatur Elfriede Jelinek
61%
2022 Physik Anton Zeilinger
50%
1945 Physik Wolfgang Pauli
50%
1930 Physiologie oder Medizin Karl Landsteiner
33%
2019 Literatur Peter Handke
33%
1973 Physiologie oder Medizin Karl von Frisch
22%
1937 Physiologie oder Medizin Konrad Lorenz
22%
1936 Physik Viktor Hess
22%
1974 Wirtschaftswissenschaften Friedrich von Hayek
11%
1927 Physiologie oder Medizin Julius Wagner-Jauregg
11%
1962 Chemie Max Perutz
11%
1914 Physiologie oder Medizin Robert Bárány
11%
1911 Friedensnobelpreis Alfred Fried
6%
2000 Physiologie oder Medizin Eric Kandel
6%
2023 Physik Ferenc Krausz
6%
1938 Chemie Richard Kuhn
6%
1925 Chemie Richard Zsigmondy
6%
2013 Chemie Martin Karplus
0%
1998 Chemie Walter Kohn
0%
Keine übereinstimmenden Quizze gefunden
Verteilung der Resultate
Anzahl Personen mit jedem Resultat
Perzentil nach korrekt beantworteten Fragen
Ihre Resultats-Entwicklung
Sie haben dieses Quiz noch nicht gespielt